[Event "Montecatini Terme op"]
[Site "Montecatini Terme"]
[Date "1997.08.07"]
[Round "7"]
[White "Lantini, Marco"]
[Black "Vaccani, Alberto"]
[Result "0-1"]
[WhiteElo "2190"]
[BlackElo "2500"]
[PlyCount "40"]
[EventDate "1997.11.??"]
[EventType "swiss"]
[EventRounds "9"]
[EventCountry "ITA"]
[SourceTitle "EXT 1999"]
[Source "ChessBase"]
[SourceDate "1998.11.16"]
[SourceVersion "1"]
[SourceVersionDate "1998.11.16"]
[SourceQuality "1"]

1. e4 c5 2. Nf3 d6 3. d4 cxd4 4. Nxd4 Nf6 5. Nc3 a6 6. Bg5 e6 7. f4 Nbd7 8. Qf3 Qc7 9. 0-0-0 b5 10. e5 Bb7 11. Qh3 dxe5 12. Nxe6 fxe6 13. Qxe6+ Be7 14. Bxb5 axb5 15. Nxb5 Qb6 16. Nd6+ Kd8 17. Nxb7+ Kc7 18. Qxe7 Rxa2 19. b4 Qe3+ 20. Rd2 Ra1+ 0-1

[Event "ITA-ch 51st"]
[Site "Chianciano Terme"]
[Date "1991.??.??"]
[Round "3"]
[White "Vaccani, Alberto"]
[Black "Rossi, Carlo"]
[Result "0-1"]
[WhiteElo "2275"]
[BlackElo "2315"]
[PlyCount "64"]
[EventDate "1991.??.??"]
[EventType "tourn"]
[EventRounds "11"]
[EventCountry "ITA"]
[SourceTitle "EXT 2000"]
[Source "ChessBase"]
[SourceDate "1999.11.16"]
[SourceVersion "1"]
[SourceVersionDate "1999.11.16"]
[SourceQuality "1"]

1. e4 c5 2. Nf3 Nc6 3. d4 cxd4 4. Nxd4 g6 5. c4 Bg7 6. Be3 Nf6 7. Nc3 0-0 8. Be2 d6 9. 0-0 Bd7 10. f3 Nxd4 11. Bxd4 a5 12. Qd2 Bc6 13. Rfd1 Nd7 14. Be3 a4 15. Rac1 Qa5 16. Nd5 Bxd5 17. Qxa5 Rxa5 18. cxd5 Nc5 19. Bg5 Re8 20. Rb1 h6 21. Bh4 g5 22. Bf2 Bf6 23. Rdc1 Rc8 24. Kf1 Raa8 25. Bb5 Kg7 26. Rc2 a3 27. bxa3 Rxa3 28. Be2 Nxe4 29. Rxc8 Nd2+ 30. Ke1 Nxb1 31. Rb8 Rxa2 32. Rxb7 Bc3+ 0-1

[Event "ITA-ch 51st"]
[Site "Chianciano Terme"]
[Date "1991.??.??"]
[Round "9"]
[White "Vezzosi, Paolo"]
[Black "Vaccani, Alberto"]
[Result "1/2-1/2"]
[WhiteElo "2325"]
[BlackElo "2275"]
[PlyCount "109"]
[EventDate "1991.??.??"]
[EventType "tourn"]
[EventRounds "11"]
[EventCountry "ITA"]
[SourceTitle "EXT 2000"]
[Source "ChessBase"]
[SourceDate "1999.11.16"]
[SourceVersion "1"]
[SourceVersionDate "1999.11.16"]
[SourceQuality "1"]

1. c4 c5 2. Nf3 Nf6 3. Nc3 Nc6 4. d4 cxd4 5. Nxd4 e6 6. Ndb5 Bc5 7. Bf4 0-0 8. Bc7 Qe7 9. Bd6 Bxd6 10. Qxd6 Qxd6 11. Nxd6 b6 12. g3 Rb8 13. Bg2 Bb7 14. Nxb7 Rxb7 15. Nb5 a6 16. Nd6 Rc7 17. 0-0 Rb8 18. Rfd1 Kf8 19. Rd2 Ne8 20. Rad1 Na7 21. b3 Nxd6 22. Rxd6 Ke7 23. e4 f6 24. f4 Nc8 25. e5 Ra7 26. exf6+ gxf6 27. R6d4 f5 28. Bf3 b5 29. c5 b4 30. Re1 Kf6 31. h3 Rb5 32. Rc1 Rc7 33. Be2 Rb6 34. Rxd7 Rxd7 35. cxb6 Nxb6 36. Rc6 Nd5 37. Rxa6 Nc3 38. Bc4 Rd1+ 39. Kg2 Re1 40. a4 bxa3 41. Rxa3 Re4 42. Ra1 Rd4 43. Ra6 Re4 44. Rd6 Ke7 45. Rd3 Re2+ 46. Kf3 Rc2 47. Ke3 h5 48. Kd4 Ne4 49. h4 Rb2 50. Re3 Kd6 51. Bd3 Nc5 52. Be2 Rxb3 53. Bxh5 Rb4+ 54. Kc3 Rb3+ 55. Kd4 1/2-1/2

[Event "Ragusa op"]
[Site "Ragusa"]
[Date "1989.??.??"]
[Round "?"]
[White "Vaccani, Alberto"]
[Black "Sulava, Nenad"]
[Result "0-1"]
[WhiteElo "2100"]
[BlackElo "2380"]
[PlyCount "64"]
[EventDate "1989.??.??"]
[EventType "swiss"]
[EventRounds "9"]
[EventCountry "ITA"]
[SourceTitle "EXT 1998"]
[Source "ChessBase"]
[SourceDate "1997.11.17"]
[SourceVersion "1"]
[SourceVersionDate "1997.11.17"]
[SourceQuality "1"]

1. e4 c5 2. Nf3 e6 3. d4 cxd4 4. Nxd4 a6 5. Nc3 Qc7 6. Be2 b5 7. f4 Bb7 8. Bf3 Nc6 9. Be3 Nge7 10. Nb3 Ng6 11. g3 Be7 12. 0-0 0-0 13. Qd2 Rfd8 14. Qf2 Rdc8 15. Bb6 Qb8 16. Nc5 Bxc5 17. Bxc5 d6 18. Bb6 Nce7 19. a3 Rc4 20. Rfd1 f5 21. Rd4 Rxd4 22. Bxd4 Qc7 23. Re1 Rf8 24. exf5 Nxf5 25. Bxb7 Qxb7 26. Rxe6 b4 27. axb4 Qxb4 28. Be3 Qxb2 29. Nd5 Qb1+ 30. Kg2 a5 31. Qd2 Rc8 32. c3 Nxe3+ 0-1